[Event "78th Armenian Chess Ch"]
[Site "Yerevan"]
[Date "2017.08.14"]
[Round "6"]
[White "Hayrapetyan, Hovik"]
[Black "Shahinyan, David"]
[Result "1-0"]
[WhiteElo "2502"]
[BlackElo "2428"]
[Annotator "TA"]
[PlyCount "81"]
[EventDate "2017.??.??"]
[EventCountry "ARM"]
[SourceTitle "playchess.com"]
[Source "ChessBase"]
[SourceQuality "1"]

{[%evp 16,81,25,18,33,25,27,25,27,29,30,35,55,6,14,3,20,24,63,76,75,26,26,37,48,-25,-25,-15,78,58,56,65,52,42,39,44,60,39,52,52,52,44,60,51,25,30,114,113,239,243,250,247,268,214,416,283,400,283,283,283,276,272,5543,5543,5543,5531,938,938]} 1. Nf3 Nf6 2. c4 g6 3. Nc3 Bg7 4. g3 O-O 5. Bg2 d6 6. O-O Nc6 7. Rb1 a6 8. b4 e5 9. d3 {LiveBook: 20 Games} Bf5 {A26: English Opening vs King's Indian with ...Nc6 and d3} (9... h6 10. Bd2 Be6 11. Qc1 Kh7 12. e4 Nh5 13. Nd5 Ne7 14. Be3 c6 15. Bb6 Qd7 16. Nc7 Rac8 17. Nxe6 Qxe6 {1-0 (36) Pantsulaia,L (2587)-Erdogdu,M (2458) Konya 2010}) 10. e4 Bg4 $146 ({Predecessor:} 10... Bd7 11. h3 Nd4 12. Nxd4 exd4 13. Ne2 Ne8 14. Qb3 b6 15. Bb2 c5 16. Ba3 Qc8 17. bxc5 bxc5 {1-0 (44) Luch,M (2426)-Von Meijenfeldt,B (2123) Leiden 2012}) 11. h3 Bxf3 {White has an edge.} 12. Bxf3 Nd4 13. Bg2 a5 14. a3 axb4 15. axb4 c6 16. Ne2 Ra2 17. Nxd4 exd4 18. f4 Nd7 19. Qb3 Qa8 20. c5 ({Better is} 20. Rf2 $14 Ra7 21. g4) 20... dxc5 $11 21. b5 c4 (21... Ra4 $11) 22. Qxc4 $16 Rc8 23. e5 $1 $36 {[%cal Re5e6][%mdl 2048] [#] aiming for e6. White is pushing.} Ra4 24. Rb4 Rxb4 25. Qxb4 Bf8 26. Qb1 cxb5 27. Qxb5 Nc5 $1 28. Bd5 Qa6 29. Qxa6 bxa6 30. Bc4 Rb8 (30... a5 $11 {keeps the balance.}) 31. g4 {[%cal Bg3g4,Bg4f5][%mdl 32]} Rb6 (31... Nb3 $16) 32. f5 $18 gxf5 33. gxf5 ({Less strong is} 33. Rxf5 Ne6 $14) 33... Kg7 34. Kh2 {[#] Rg1+ is the strong threat.} Rb7 $2 (34... h6 35. Rg1+ Kh7) 35. Rg1+ Kh8 36. Bf4 h6 37. e6 fxe6 38. Be5+ Bg7 $2 (38... Kh7 39. fxe6 Re7) 39. Rxg7 {White is clearly winning.} Rxg7 40. fxe6 Kh7 41. Bxg7 {Precision: White = 67%, Black = 34%.} 1-0

[Event "78th Armenian Chess Ch"]
[Site "Yerevan"]
[Date "2017.08.14"]
[Round "6"]
[White "Baghdasaryan, Vahe"]
[Black "Mkrtchyan, Eduard"]
[Result "0-1"]
[WhiteElo "2469"]
[BlackElo "2203"]
[Annotator "TA"]
[PlyCount "96"]
[EventDate "2017.??.??"]
[EventCountry "ARM"]
[SourceTitle "playchess.com"]
[Source "ChessBase"]
[SourceQuality "1"]

{[%evp 19,96,8,18,-14,-10,-47,-16,-35,-31,-40,13,-13,-13,-5,-8,-17,-30,-27,-16,-25,-27,-23,-21,-44,-40,-41,0,-9,-11,-26,-13,-27,-8,0,0,0,0,-34,0,-64,-93,-120,-118,-138,-107,-154,-154,-154,-156,-184,-191,-291,-149,-468,-437,-427,-362,-357,-342,-354,-347,-437,-427,-424,-385,-506,-480,-480,-356,-445,-388,-762,-729,-988,-884,-923,-864,-1208,-1208]} 1. e4 c5 2. Nf3 e6 3. d4 cxd4 4. Nxd4 a6 5. c4 Nf6 6. Nc3 Bb4 7. Nc2 Bxc3+ {B41: Sicilian: Kan Variation: 5 c4} 8. bxc3 Qa5 9. Qd3 Qe5 (9... Nc6 10. Be2 Qe5 11. f3 d5 12. exd5 exd5 13. f4 Qf5 14. cxd5 Nxd5 15. O-O {½-½ (27) Baghdasaryan,V (2472)-Zubov,A (2614) Batumi 2016}) 10. f3 d5 $1 {[%cal Rd5e4] LiveBook: 5 Games} 11. cxd5 (11. Qd4 $5 {[%cal Rd4e5]} Nc6 12. Qxe5 Nxe5 13. cxd5 $11) 11... exd5 12. Be2 $146 ({Predecessor:} 12. Qd4 Qxd4 13. Nxd4 O-O 14. exd5 Nxd5 15. Bd2 {1-0 (67) Danilovic,A (2364)-Jankovic,A (2313) Litohoto 1999}) 12... O-O {[%cal Rd5e4]} 13. exd5 Nxd5 {And now ...Re8 would win.} 14. Qd4 Qe6 (14... Nc6 $15 15. Qxe5 Nxe5) 15. Ne3 (15. c4 {is more complex.} Nf6 16. Qc3 Nc6 17. O-O Qxe2 18. Re1) 15... Nxe3 16. Qxe3 Qc6 17. O-O Re8 18. Qd2 Bf5 19. Ba3 Nd7 20. Rfe1 Ne5 21. Rad1 h6 22. Bf1 Qg6 23. Qd5 Nc6 24. Bc5 Red8 25. Qc4 Rxd1 26. Rxd1 Re8 27. Bf2 Re5 {[%cal Be8e5,Be5a5,Ba5a2][%mdl 32]} 28. Bg3 Ra5 (28... Be6 $5 {[%cal Re6c4]} 29. Qd3 Qxd3 30. Bxd3 Rc5 $15) 29. Bc7 (29. Qe2 $11) 29... Be6 $15 30. Qh4 Rxa2 31. Bg3 Qg5 32. Qe4 Qc5+ 33. Kh1 Qxc3 34. Bd3 g6 35. Bf4 (35. Be1 $142 Qb2 36. Rd2) 35... Qb3 (35... Ra1 $19 36. Qe2 a5 37. Rxa1 Qxa1+ 38. Qf1 Qd4) 36. Be2 $2 {[%mdl 8192] [#]} (36. Qe1 $17) 36... Ra4 $19 37. Qe3 Qxe3 38. Bxe3 Bc4 39. Bxc4 Rxc4 40. Bxh6 {[%mdl 4096] Endgame KRB-KRN} b5 {[%cal Bb7b5,Bb5b4,Bb4b3,Bb3b2][%mdl 32]} 41. Bg5 Kg7 42. h4 b4 43. g4 Nd4 44. Kg2 b3 45. Be3 $2 {[#]} (45. Be7 Rc2+ 46. Kh3) 45... b2 {Black is clearly winning.} 46. Rb1 Rc2+ 47. Kh3 Nb5 48. g5 Kh7 {Precision: White = 28%, Black = 59%.} 0-1

[Event "78th Armenian Chess Ch"]
[Site "Yerevan"]
[Date "2017.08.14"]
[Round "6"]
[White "Hakobyan, Aram"]
[Black "Torosyan, Norayr"]
[Result "1/2-1/2"]
[WhiteElo "2466"]
[BlackElo "2350"]
[Annotator "TA"]
[PlyCount "184"]
[EventDate "2017.??.??"]
[EventCountry "ARM"]
[SourceTitle "playchess.com"]
[Source "ChessBase"]
[SourceQuality "1"]

{[%evp 29,184,12,18,0,12,5,15,0,15,25,23,0,0,0,0,0,0,0,0,0,0,0,0,0,0,0,15,0,0,0,12,0,0,0,0,0,0,-6,-9,-10,-14,-11,-7,-22,0,-52,0,-104,-75,-128,-134,-120,-110,-134,-89,-129,-27,-36,-22,-67,0,0,0,0,0,0,0,0,0,0,0,0,0,0,0,0,0,0,0,0,0,0,0,0,0,0,0,0,0,0,0,0,0,0,0,0,0,0,0,0,0,0,0,0,0,0,0,0,0,0,0,0,0,0,0,0,0,0,0,0,0,0,0,0,0,0,0,0,0,0,0,0,0,0,0,0,0,0,0,0,0,0,0,0,0,0,0,0,0,0,0,0,0,0,0,0,0]} 1. e4 e5 2. Nf3 Nc6 3. Bb5 a6 4. Ba4 Nf6 5. O-O Nxe4 6. d4 b5 7. Bb3 d5 8. dxe5 Be6 9. Be3 Be7 10. Nbd2 Qd7 11. c3 O-O 12. Bc2 Nxd2 {C83: Open Ruy Lopez: 9 c3 Be7} 13. Qxd2 Bg4 14. Qd3 g6 15. Bh6 Rfe8 {LiveBook: 3 Games} 16. Rfe1 {[#]} Bf8 $146 (16... Bf5 $5 {[%cal Rf5d3]} 17. Qd2 Bxc2 18. Qxc2 Nd8 $11) ({Predecessor:} 16... Bf5 17. Qd2 Bxc2 18. Qxc2 Nd8 19. Rad1 Ne6 20. h4 {0-1 (47) Kokarev,D (2638)-Short,N (2664) Kolkata 2015}) 17. Bxf8 Kxf8 18. a4 Rad8 (18... Kg8 {feels hotter.} 19. axb5 axb5 20. Rxa8 Rxa8 21. Nd4 Nxd4 22. cxd4 Bf5) 19. axb5 axb5 20. h3 (20. Ng5 $5 {[%cal Rg5h7]} Rxe5 21. Rxe5 (21. Nxh7+ Kg7 $11) 21... Nxe5 22. Qd4 $14 (22. Nxh7+ Kg7 $11)) 20... Bxf3 $1 21. Qxf3 Rxe5 22. Rxe5 Nxe5 23. Qf6 {And now Qh8+ would win.} Qd6 24. Qh8+ Ke7 25. Qxh7 Qf6 $1 26. Qh6 $1 g5 27. Qh5 Rh8 28. Qe2 {Black must now prevent Ra6!} (28. Qd1 $5 {[%cal Rd1d5]} Kd6 29. Bb3 $14) 28... c6 29. Qe3 Kf8 30. Rf1 (30. Ra8+ {looks sharper.} Kg7 31. Rxh8 Kxh8 32. b3 Kg7 33. Kf1) 30... Qf4 31. Qxf4 gxf4 $11 {[%mdl 4096] Endgame KRB-KRN} 32. Re1 f6 33. Ra1 Ke7 34. Kf1 Ke6 35. Ra7 f5 36. Ra6 Kf6 37. Ke2 {[#]} (37. f3 $11) 37... Kg5 ({Black should play} 37... f3+ $1 $15 {[%mdl 512]} 38. gxf3 Kg5) 38. Kf1 (38. f3 $11) 38... f3 $17 39. Ra7 (39. Bd1 $142) 39... fxg2+ 40. Kxg2 Kf4 41. Rg7 c5 42. Rg3 {[#]} d4 ({Black should try} 42... c4 $1 $17 {aiming for ...b4!} 43. b3 Ra8 44. bxc4 bxc4) 43. cxd4 $1 $11 cxd4 44. Rb3 Rg8+ ({Better is} 44... Rc8 $1 $15 45. Bd1 Rc1) 45. Kf1 $1 {The position is equal.} Nf3 {Strongly threatening ...Nd2+.} 46. Rxb5 {[%csl Gc2][%cal Rb5f5]} Rg1+ 47. Ke2 {[%csl Gc2][%cal Rb5f5]} Re1+ 48. Kd3 Rh1 49. Kc4 {[%csl Gc2][%cal Rb5f5]} d3 $1 {[%cal Rd3c2]} 50. Bxd3 {[%csl Gd3][%cal Rb5f5]} Ne5+ 51. Kc3 {Threatens to win with Rb4+.} Nxd3 52. Kxd3 Rxh3+ {KR-KR} 53. Ke2 Rh1 54. Rb4+ Ke5 55. Ke3 Re1+ 56. Kf3 Rf1 57. Rb5+ Kf6 58. Rc5 Rb1 59. Rc2 (59. b3 $5) 59... Kg5 60. Ke3 {Kd3 is the strong threat.} (60. b4 $5) 60... Kg4 61. Rc4+ Kg5 62. Rb4 Re1+ 63. Kf3 Rd1 64. Rb8 Rb1 65. Rb6 Re1 66. Rb7 Rb1 67. Rb8 Re1 68. Kg3 Rg1+ 69. Kf3 {White threatens Rg8+ and mate.} Re1 70. Rg8+ Kf6 71. b4 Rb1 72. Rb8 (72. b5 $5) 72... Kg5 73. Ke3 Rb3+ 74. Kd4 Kf4 75. Kc5 (75. f3 $5) 75... Rb2 76. b5 Rxf2 77. b6 Rc2+ 78. Kd6 Rd2+ 79. Kc6 Rc2+ 80. Kb7 Kf3 81. Rc8 (81. Rf8 $5 {[%cal Rf8f5]} f4 82. Ka6 $11) 81... Rb2 82. Rc5 f4 83. Kc6 Kg2 84. Rg5+ Kh3 85. b7 f3 86. Rf5 Kg2 87. Rg5+ Kh3 88. Rf5 (88. Ra5 {with more complications.} f2 89. Rf5 Kg2 90. Rg5+ Kf3 91. Rf5+) 88... Kg2 89. Kc7 Rxb7+ 90. Kxb7 f2 91. Ka8 (91. Rxf2+ $5 Kxf2 $11) 91... f1=Q 92. Rxf1 Kxf1 {Precision: White = 47%, Black = 78%.} 1/2-1/2

[Event "78th Armenian Chess Ch"]
[Site "Yerevan"]
[Date "2017.08.14"]
[Round "6"]
[White "Harutjunyan, Gevorg"]
[Black "Mikaelyan, Arman"]
[Result "0-1"]
[WhiteElo "2454"]
[BlackElo "2486"]
[Annotator "TA"]
[PlyCount "70"]
[EventDate "2017.??.??"]
[EventCountry "ARM"]
[SourceTitle "playchess.com"]
[Source "ChessBase"]
[SourceQuality "1"]

{[%evp 20,70,9,11,10,0,35,31,54,39,60,10,13,0,0,0,0,0,6,-5,0,-40,-33,-35,-35,-48,-23,-30,-20,-39,-33,-41,-34,-29,-34,-34,-27,-101,-90,-75,-93,-385,-106,-87,-87,-553,-539,-29990,-29991,-29991,-29992,-29992,-29993]} 1. Nf3 Nf6 2. g3 g6 3. b3 Bg7 4. Bb2 O-O 5. Bg2 d5 6. c4 c6 7. O-O Nbd7 8. d4 Ne4 9. Nbd2 Nxd2 {D78: Fianchetto Grünfeld: 6 0-0 c6} 10. Qxd2 dxc4 11. bxc4 {LiveBook: 4 Games} e5 {The position is equal.} 12. Rfd1 exd4 (12... e4 $5 {[%cal Re4f3]}) 13. Nxd4 Ne5 $146 ({Predecessor:} 13... Qc7 14. Rab1 Re8 15. Qb4 a6 16. c5 a5 17. Qc3 {1-0 (40) Khismatullin,D (2626)-Nyudleev,D (2328) Moscow 2016}) 14. Qc3 Qb6 15. Rd2 a5 16. a3 a4 17. Rc1 Re8 18. e4 Ra5 19. f4 {[#] Threatens to win with c5.} Nd7 {[%cal Be5d7,Bd7c5,Bc5b3][%mdl 32] Hoping for ...c5.} 20. Qc2 Nc5 {...Nb3 is the strong threat.} 21. Kh1 $1 Nb3 22. Nxb3 axb3 23. Qb1 Bxb2 24. Qxb2 Qe3 25. Rcd1 Bg4 26. Rd3 Qc5 27. Rb1 Ra4 {[%cal Ba5a4,Ba4c4,Bc4c2][%mdl 32]} 28. Rxb3 (28. h3 $11 Be6 29. Rxb3) 28... Rxc4 $17 {aiming for ...Rc2.} 29. Rxb7 Rc2 30. Qb6 $2 {[%mdl 8192] [#]} ({Don't blunder} 30. Rb8 $2 Rxb2 31. R8xb2 Qxa3 $19) (30. Qb3 $17 Rf8 31. Rb8 (31. Rf1 $2 Be2 $19)) 30... Qxa3 $2 (30... Qc3 $1 $19 {has better winning chances.} 31. Rf1 Be2) 31. Qa7 Qc3 $40 {[%mdl 128] Black attacks with force.} 32. Rf1 $2 {[%mdl 8192]} (32. R7b3 $17 {was the crucial defense.} Qd2 33. Qg1) 32... Be2 $19 33. Rb8 Bxf1 {Black mates.} 34. Rxe8+ Kg7 35. Bxf1 c5 {Precision: White = 30%, Black = 71%.} 0-1

[Event "78th Armenian Chess Ch"]
[Site "Yerevan"]
[Date "2017.08.14"]
[Round "6"]
[White "Sargsyan, Shant"]
[Black "Danielyan, Vahe"]
[Result "1-0"]
[WhiteElo "2416"]
[BlackElo "2344"]
[Annotator "TA"]
[PlyCount "169"]
[EventDate "2017.??.??"]
[EventCountry "ARM"]
[SourceTitle "playchess.com"]
[Source "ChessBase"]
[SourceQuality "1"]

{[%evp 11,169,41,43,32,40,39,66,58,61,61,72,66,81,73,77,37,45,37,18,10,32,0,0,0,1,0,0,0,38,19,41,27,80,79,102,93,141,132,130,98,111,102,121,114,139,85,87,76,79,77,63,0,0,0,0,-2,52,0,7,-104,86,99,91,123,339,58,67,63,79,63,64,72,239,227,417,187,187,187,187,187,187,187,187,187,187,187,187,187,187,162,162,162,162,162,162,150,150,150,150,150,150,150,150,150,266,150,259,150,245,0,150,0,150,150,150,150,150,150,150,150,150,150,150,150,150,150,150,150,150,150,150,150,150,150,150,150,150,150,150,150,150,150,150,150,150,150,150,150,150,139,150,150,157,0,12846,12847,12847,12847,12847,12848]} 1. d4 Nf6 2. Nf3 g6 3. c4 b6 4. Nc3 Bb7 5. d5 (5. g3 Bg7 6. Bg2 Ne4 7. Nxe4 Bxe4 8. O-O O-O 9. Be3 d6 10. Qd2 c5 11. Rfd1 Nc6 12. d5 Bxf3 13. Bxf3 Ne5 14. Rac1 Nxf3+ 15. exf3 Qd7 16. b3 b5 17. cxb5 Qxb5 {1-0 (43) Kovalenko,I (2680)-Popov,I (2650) Minsk 2015}) 5... Bg7 6. e4 {A50: Queen's Fianchetto Defence (1 d4 Nf6 2 c4 b6)} O-O {LiveBook: 8 Games} 7. Bd3 d6 8. O-O {White is slightly better.} e5 9. Bd2 $146 ({Predecessor:} 9. Bg5 h6 10. Bd2 Nbd7 11. b4 a5 12. a3 Nh5 {1-0 (22) Kazhgaleyev,M (2574)-Suleymenov,A (2157) Pavlodar 2015}) 9... Nbd7 10. b4 Nh5 11. Re1 h6 12. g3 a6 13. a4 a5 14. bxa5 Nc5 15. Bf1 Rxa5 16. Nh4 {[%cal Bf3h4,Bh4g2,Bg2e3][%mdl 32]} (16. Nb5 $5 {[%cal Rd2a5]}) 16... Nf6 17. Qc2 Qd7 18. Ra3 Rfa8 {[%cal Rc5a4]} 19. Rea1 c6 20. f3 R5a7 21. Ng2 Ne8 (21... h5 $11 {remains equal.}) 22. Ne3 $16 Nc7 23. Qb1 cxd5 24. cxd5 Ba6 25. Nc4 (25. Qxb6 Bxf1 26. Nxf1 (26. Rxf1 $2 Rb7 $19) 26... Rb7 $17) 25... Bxc4 26. Bxc4 Rb7 27. Be3 Ra5 28. Nb5 ({Better is} 28. R1a2) 28... Kh7 29. Qb4 h5 30. Kg2 Bh6 31. Bxc5 (31. Bf2 $14) 31... Na6 $1 $11 {[%cal Ra6b4]} 32. Qxa5 bxa5 33. Bxd6 f6 (33... Nb4 $11) 34. Rd3 h4 35. g4 (35. Rc3 $11) 35... Rxb5 $2 (35... f5 $17 {and life is bright.} 36. h3 Nb4 37. Bxb4 axb4) 36. axb5 $16 Qxd6 37. bxa6 Qb4 $2 (37... Qc5 $16 {was called for.} 38. a7 Qxa7) 38. Bb3 $2 (38. a7 $18 Qxc4 39. a8=Q Qxd3 40. Qa7+ Kg8 41. Qb8+ (41. Rxa5 {gets mated.} Qe2+ 42. Kg1 h3 43. Qb8+ Bf8 44. Qxf8+ Kxf8 45. Ra8+ Kg7 46. Ra7+ Kh6 47. g5+ fxg5 48. Rh7+ Kxh7 49. Kh1 Qg2#) 41... Kh7 42. Qa7+ Kh8 43. Qf2 (43. Rxa5 $2 Qe2+ 44. Kg1 Be3+ 45. Qxe3 Qxe3+ $19)) 38... Qb6 $14 39. d6 Qxa6 40. Rad1 Bf8 $1 41. Kh3 $36 {[%mdl 2048] Black is under strong pressure.} Kh6 $2 (41... Qb6 $16) 42. Kxh4 {And now d7 would win.} a4 $2 (42... Qb6 {keeps fighting.}) 43. Bxa4 (43. Ba2 $142) 43... Qxa4 $18 44. d7 Be7 45. d8=Q Bxd8 46. Rxd8 {[%mdl 4096] Endgame KQ-KRR} Qc2 {[%cal Rc2h2]} 47. Kg3 {Threatening mate with R1d7.} g5 48. R8d2 Qc3 49. Rf2 Qe3 50. h3 Kg6 51. Rh1 Qf4+ 52. Kg2 Qe3 53. h4 gxh4 54. Rxh4 Qd3 55. Rh5 Qe3 56. Rf5 Qd4 57. Ra2 {aiming for Ra6.} Qc4 (57... Qe3 $16 58. Rh5 Qb3) 58. Rd2 (58. Ra1 $1 $18) 58... Qb4 {[#]} (58... Qc5 $16 {was worth a try.} 59. Rh5 Qc3) 59. Rc2 (59. Rd1 $1 $18) 59... Qa4 (59... Qe1 $16 60. Rh5 Qb1) 60. Rf2 Qd4 $1 61. Rh5 Qe3 $1 62. Rh3 Qd4 63. Rh1 Qe3 64. Ra2 Qb3 65. Ra8 Qc2+ 66. Kg3 Qd2 {[#]} 67. Rf1 $1 Qf4+ 68. Kg2 Qd2+ 69. Rf2 Qd3 70. Rh8 Qe3 71. Rh1 Qd3 72. Re1 Kg5 73. Kg3 Qc3 74. Rd1 Qe3 75. Rg2 Qc3 76. Rh2 Kg6 77. Rdh1 Qe3 78. Rc2 Qd3 79. Rb2 Qc3 80. Rb7 Qe3 {intending ...Qf4+.} 81. Rd7 Qc5 82. g5 $2 (82. Rd3 $16) 82... fxg5 $2 {[%mdl 8192]} (82... f5 $11) 83. Rhd1 {Intending R1d6+ and mate.White is clearly winning.} Kh5 84. Rg7 {[%cal Rd1h1]} Kh6 85. Rg8 {Precision: White = 58%, Black = 45%.} 1-0

[Event "78th Armenian Chess Ch"]
[Site "Yerevan"]
[Date "2017.08.14"]
[Round "6"]
[White "Kalashian, David"]
[Black "Manukyan, Sargis A"]
[Result "1-0"]
[WhiteElo "2389"]
[BlackElo "2233"]
[Annotator "TA"]
[PlyCount "91"]
[EventDate "2017.??.??"]
[EventCountry "ARM"]
[SourceTitle "playchess.com"]
[Source "ChessBase"]
[SourceQuality "1"]

{[%evp 13,91,24,33,19,7,11,17,0,22,30,22,33,29,0,10,13,116,116,116,112,119,103,118,118,119,119,119,119,121,120,119,113,114,110,113,89,92,86,227,218,261,249,315,308,312,292,360,375,356,366,350,316,330,324,385,392,996,999,926,789,885,873,1072,1058,1000,1027,880,704,1006,952,29973,29974,29972,29975,29971,29976,29975,29974,29970,11360]} 1. e4 c5 2. Nc3 d6 3. Nf3 Nf6 4. e5 dxe5 5. Nxe5 a6 6. a4 Nbd7 {B50: Sicilian: 2...d6, Miscellaneous} (6... Qc7 7. Nc4 Nc6 8. d3 Nd4 9. Ne2 Nxe2 10. Bxe2 Bf5 11. Bf3 Rd8 12. Bd2 b6 13. Qe2 e6 14. Bc3 Nd7 {1-0 (22) Mamedov,R (2688)-Wojtaszek,R (2749) Tallinn 2016}) 7. Nc4 Nb6 {LiveBook: 8 Games} 8. Qf3 Nxc4 {The position is equal.} 9. Bxc4 e6 $146 ({Predecessor:} 9... Qd4 10. d3 e6 11. h3 Be7 12. O-O O-O 13. Be3 Qd8 14. Rfd1 {1-0 (54) Cannon,R (2104)-Viljanen,J (1917) Copenhagen 2007}) 10. d3 Qc7 11. Bf4 Bd6 12. Bxd6 Qxd6 13. a5 Qe5+ 14. Qe3 Ng4 (14... Qxe3+ $11 15. fxe3 Bd7) 15. Qxe5 $16 Nxe5 16. Ne4 Nd7 17. Bb3 Ke7 18. Ba4 b5 19. axb6 $1 Bb7 20. Bxd7 $1 Bxe4 {[#]} 21. Bxe6 $1 Bxg2 22. Rg1 {Strongly threatening Bc4.} Kxe6 23. Rxg2 {[%mdl 4096] Endgame KRR-KRR} g6 24. Rg4 Rhb8 25. b4 {[%cal Bb2b4,Bb4c5][%mdl 32]} Rxb6 (25... Kd6 $16 {is a better defense.}) 26. bxc5 $18 Rb5 27. Re4+ Kd7 28. d4 a5 29. Kd2 a4 30. Re3 Kc6 31. Rf3 f5 32. Re3 f4 33. Rea3 Rb4 34. Kd3 Kd5 $2 (34... f3 35. R3a2 Kb5) 35. c3 {[%cal Bc2c3,Bc3c4][%mdl 32]} Rb2 36. Rxa4 Rxa4 37. Rxa4 {[#] Ra6 would kill now.} Rxf2 {KR-KR} 38. c4+ Kc6 39. Ra6+ Kb7 40. Rb6+ Kc7 41. d5 {[%cal Bd4d5,Bd5d6,Bd6d7][%mdl 32]} f3 42. d6+ {White mates.} Kd7 43. Rb7+ Ke6 44. d7 Rf1 45. Ke3 Re1+ 46. Kf2 {Precision: White = 81%, Black = 43%.} 1-0

[Event "78th Armenian Chess Ch"]
[Site "Yerevan"]
[Date "2017.08.15"]
[Round "7"]
[White "Harutyunian, Tigran K"]
[Black "Kalashian, David"]
[Result "1/2-1/2"]
[WhiteElo "2513"]
[BlackElo "2389"]
[Annotator "TA"]
[PlyCount "129"]
[EventDate "2017.??.??"]
[EventCountry "ARM"]
[SourceTitle "playchess.com"]
[Source "ChessBase"]
[SourceQuality "1"]

{[%evp 28,128,127,118,131,133,175,170,165,160,159,164,184,169,391,383,419,268,271,18,18,18,18,18,18,18,18,18,18,18,18,18,18,18,18,18,18,18,18,18,33,33,33,33,18,18,33,33,43,33,33,33,33,33,33,33,33,33,33,33,39,33,33,33,33,33,33,33,33,33,40,40,40,0,33,0,40,33,40,40,40,40,40,40,40,40,40,40,40,40,40,40,40,40,40,0,40,40,47,47,53,0,0]} 1. c4 g6 2. d4 Bg7 3. Nf3 Nf6 4. g3 c5 5. Bg2 O-O 6. O-O cxd4 7. Nxd4 Nc6 8. Nc3 d6 9. Nxc6 bxc6 10. Bxc6 Bh3 11. Bxa8 Qxa8 12. f3 {E65: King's Indian: Fianchetto: 6...c5 7 0-0 without d5 by White} Bxf1 13. Kxf1 Rc8 14. Qd3 Qb7 (14... Qc6 15. Be3 Qxc4 16. Qxc4 Rxc4 17. Bxa7 Nd7 18. Nd1 Rc2 19. Rb1 Nc5 {1-0 (32) Harikrishna,P (2733)-Hambleton,A (2446) Edmonton 2015}) 15. Rb1 {LiveBook: 4 Games} Qa6 16. b3 d5 17. Nxd5 Nxd5 18. Qxd5 Qxa2 {[#]} 19. Qd3 $1 {[#]} a5 $146 ({Predecessor:} 19... h6) 20. Be3 Rb8 $2 (20... a4 21. bxa4 Qxa4) 21. c5 $18 {[%cal Bc4c5,Bc5c6][%mdl 32]} a4 {[%cal Ra4b3]} 22. c6 {Black must now prevent c7.} Be5 {[%cal Ra4b3] [#]} 23. Bf4 $2 (23. b4 $1 $18) 23... Bxf4 $11 24. gxf4 {Hoping for c7.} axb3 {[%mdl 4096] Endgame KQR-KQR} 25. c7 Rc8 26. Rxb3 Rxc7 27. Qd8+ Kg7 28. Qxc7 Qxb3 {KQ-KQ} 29. Qe5+ Kg8 30. Qxe7 Qd1+ 31. Kg2 f5 32. Qe6+ Kg7 33. Qe5+ Kg8 34. Qb8+ Kg7 35. Qa7+ Kg8 36. Qf2 Qa4 37. Kg3 Kg7 38. Qe1 Qa3 39. Qd2 Kh6 40. Kg2 Qe7 41. e3 Qb7 42. Qc2 Qb8 43. Kg3 Qb6 44. Qd3 Qa5 45. Kf2 Qa2+ 46. Qe2 Qa7 47. Qd2 Qc5 48. Kg2 Qc6 49. Kg3 Qc4 50. Kg2 Qc6 51. Kg3 Qc4 52. Qe1 Qd3 53. Kh3 Kg7 54. Kg2 Qc2+ 55. Kg3 Qd3 56. Qf2 Kh6 57. Kg2 Kg7 58. Qb2+ Kh6 59. Kf2 Qd5 60. Qc2 Qd6 61. Kg3 Qa3 62. Qd2 Qb3 63. Kh4 Qe6 64. Qd8 $2 {[%mdl 8192]} (64. Qe1) 64... Qf6+ $1 65. Qxf6 {Precision: White = 64%, Black = 72%.} 1/2-1/2

[Event "78th Armenian Chess Ch"]
[Site "Yerevan"]
[Date "2017.08.15"]
[Round "7"]
[White "Mikaelyan, Arman"]
[Black "Baghdasaryan, Vahe"]
[Result "0-1"]
[WhiteElo "2486"]
[BlackElo "2469"]
[Annotator "TA"]
[PlyCount "82"]
[EventDate "2017.??.??"]
[EventCountry "ARM"]
[SourceTitle "playchess.com"]
[Source "ChessBase"]
[SourceQuality "1"]

{[%evp 31,82,18,27,29,27,27,33,28,47,28,27,6,45,47,41,46,50,10,18,0,0,-56,-60,-145,-141,-341,-328,-320,-302,-316,-312,-396,-387,-384,-380,-425,-425,-622,-666,-599,-548,-800,-786,-685,-656,-1126,-1456,-1330,-1382,-1122,-1056,-29985,-29986]} 1. d4 d5 2. c4 c6 3. Nc3 Nf6 4. Nf3 e6 {[%cal Be7e6,Be6e5][%mdl 32]} 5. e3 Nbd7 6. Qc2 Bd6 7. b3 O-O 8. Be2 e5 9. cxd5 cxd5 10. Nb5 Bb4+ 11. Bd2 Bxd2+ 12. Nxd2 a6 13. dxe5 {D45: Semi-Slav: 5 e3} Nxe5 14. Nd4 Bd7 (14... Bg4 15. Bxg4 Nfxg4 16. O-O Rc8 17. Qf5 g6 18. Qf4 Re8 19. Rad1 Nf6 20. Qg5 Ne4 21. Qxd8 Rexd8 {½-½ (38) Giri,A (2785)-Vallejo Pons,F (2710) Moscow 2017}) 15. O-O Rc8 16. Qb2 Ne4 {LiveBook: 4 Games} 17. N2f3 Qf6 18. Nxe5 Qxe5 19. Rac1 f5 20. f4 Qe7 $146 ({Predecessor:} 20... Qf6) 21. Nf3 Bb5 22. Bxb5 axb5 23. Qd4 Qd6 24. Ne5 b4 25. Qd3 Rc3 26. Qd4 (26. Rxc3 $1 $11 bxc3 27. Rc1) 26... Ra8 $15 27. a4 (27. Rxc3 $15 bxc3 28. a4) 27... Rxb3 $17 28. Rc7 $2 (28. Nd3 $17) 28... Nc3 $19 {[#] Hoping for ...Ne2+.} ({Not} 28... Qxc7 29. Qxd5+ Kh8 30. Qxb3 $11) 29. Qc5 Qxc5 30. Rxc5 b6 ({Less strong is} 30... Nxa4 31. Rxd5 Nc3 32. Rd7 $17) 31. Rc7 Nxa4 32. Nc6 Rc3 33. Ne7+ Kh8 34. Rb7 (34. Nxd5 $142 Rxc7 35. Nxc7) 34... b3 {[%cal Bb4b3,Bb3b2][%mdl 32] [#] White must now prevent ...b2.} 35. Nxd5 Rc5 36. Nc7 Rc8 37. Ra7 Ra5 (37... R8xc7 $2 38. Rxa4 Rc2 39. Ra8+ Rc8 40. Rxc8+ Rxc8 41. Rb1 $17) 38. Rxa5 bxa5 39. Nb5 b2 {Strongly threatening ...Rc1.} 40. Na3 Rc1 41. Nb1 Nc3 {Precision: White = 39%, Black = 78%.} 0-1